000 00659cab a2200241 4500
001 WB3415-55
008 090401t1998 xxu||||| |||| 00| 0 eng d
035 _a(Sirsi) u85761
041 _aeng
245 _aSocial housing conflict
260 _c1998
350 _a0
490 _aIrish Times
_v23 April 1998, 10(1)
520 _aReports on the redevelopment of Dublin`s Docklands where social housing could account for 20% of the scheme.
650 _aDOCKLANDS
650 _aDUBLIN
650 _aPRIVATE HOUSING
650 _aSOCIAL HOUSING
650 _aURBAN REGENERATION
690 _aOVERSEAS-EUROPE
942 _n0
948 _c23/04/1998
999 _c53946
_d53946